000 00657nam a2200205 4500
001 140555
003 ES-MaACL
005 20230906200113.0
007 t|
008 070214s1950 ag r ||||1| spa d
100 1 _aSeignobos, Charles (
_d1854-1942)
_9105259
245 1 0 _aHistoria sincera de la nación francesa /
_cCharles Seignobos ; [traducción de José Mora Guarnido].
260 _aBuenos Aires :
_bLosada,
_c1950 (
_fBartolomé U. Chiesino)
300 _a316 p. ;
_c21 cm.
490 1 _aPanoramas
700 1 _aMora Guarnido, José.
_982879
830 0 _aPanoramas
_9181169
852 _aES-MaACL
_jD-5461
_bR.31028
999 _c140555
_d140555